Loading...
| Current Events | 1 | 10.00 | 100% | 0% | 0% |
| Fine Arts - Classical Music | 6 | 0.00 | 0% | 0% | 0% |
| Fine Arts - Other | 7 | 8.57 | 86% | 0% | 0% |
| Fine Arts - Painting and Sculpture | 8 | 8.75 | 88% | 0% | 0% |
| Geography | 2 | 5.00 | 50% | 0% | 0% |
| History - American | 6 | 18.33 | 83% | 83% | 17% |
| History - European | 6 | 21.67 | 100% | 50% | 67% |
| History - Other | 4 | 15.00 | 100% | 25% | 25% |
| History - World | 4 | 25.00 | 100% | 100% | 50% |
| Literature - American | 5 | 12.00 | 80% | 20% | 20% |
| Literature - British | 3 | 10.00 | 100% | 0% | 0% |
| Literature - European | 7 | 10.00 | 86% | 14% | 0% |
| Literature - World | 6 | 15.00 | 100% | 33% | 17% |
| Mythology | 2 | 15.00 | 50% | 50% | 50% |
| Other Academic | 1 | 20.00 | 100% | 100% | 0% |
| Philosophy | 4 | 12.50 | 100% | 25% | 0% |
| Pop Culture | 1 | 10.00 | 100% | 0% | 0% |
| Religion | 4 | 12.50 | 75% | 25% | 25% |
| Science - Biology | 5 | 12.00 | 100% | 20% | 0% |
| Science - Chemistry | 7 | 10.00 | 86% | 14% | 0% |
| Science - Other | 5 | 8.00 | 60% | 20% | 0% |
| Science - Physics | 5 | 10.00 | 60% | 20% | 20% |
| Social Science | 6 | 8.33 | 67% | 0% | 17% |